[Event "Brøndbymesterskabet 2016"]
[Site "?"]
[Date "2016.10.02"]
[Round "6.1"]
[White "Berg Hansen, 2577, GM Sune"]
[Black "Fries Nielsen, 2390, IM Jens Ove"]
[Result "1/2-1/2"]
[BlackElo "2390"]
[WhiteElo "2577"]
[LiveChessVersion "1.4.8"]

1. c4 {[%clk 0:29:58]} e6 {[%clk 0:29:50]} 2. g3 {[%clk 0:29:48]} g6
{[%clk 0:29:19]} 3. Bg2 {[%clk 0:29:42]} Bg7 {[%clk 0:29:18]} 4. Nc3
{[%clk 0:29:14]} Ne7 {[%clk 0:29:08]} 5. e4 {[%clk 0:28:02]} O-O {[%clk 0:27:56]}
6. Nge2 {[%clk 0:27:43]} d6 {[%clk 0:25:57]} 7. O-O {[%clk 0:27:18]} Nd7
{[%clk 0:25:56]} 8. d3 {[%clk 0:26:56]} a6 {[%clk 0:25:51]} 9. Be3
{[%clk 0:26:42]} h6 {[%clk 0:25:17]} 10. Qd2 {[%clk 0:26:10]} Kh7
{[%clk 0:25:15]} 11. h3 {[%clk 0:25:59]} Rb8 {[%clk 0:25:11]} 12. b4
{[%clk 0:24:28]} b5 {[%clk 0:24:32]} 13. cxb5 {[%clk 0:23:58]} axb5
{[%clk 0:24:30]} 14. Rab1 {[%clk 0:23:28]} c6 {[%clk 0:23:13]} 15. f4
{[%clk 0:22:31]} Nb6 {[%clk 0:23:12]} 16. Kh2 {[%clk 0:22:06]} f5
{[%clk 0:22:56]} 17. Bd4 {[%clk 0:21:14]} e5 {[%clk 0:21:26]} 18. fxe5
{[%clk 0:20:37]} dxe5 {[%clk 0:21:25]} 19. Bc5 {[%clk 0:20:33]} Nc4
{[%clk 0:20:18]} 20. Qd1 {[%clk 0:20:27]} Nd6 {[%clk 0:19:51]} 21. a4
{[%clk 0:19:44]} bxa4 {[%clk 0:19:10]} 22. Qxa4 {[%clk 0:19:17]} f4
{[%clk 0:18:35]} 23. Rbd1 {[%clk 0:17:19]} Nb7 {[%clk 0:17:55]} 24. Bg1
{[%clk 0:16:37]} fxg3+ {[%clk 0:16:37]} 25. Nxg3 {[%clk 0:16:23]} Rxf1
{[%clk 0:16:32]} 26. Nxf1 {[%clk 0:16:04]} Be6 {[%clk 0:15:57]} 27. Qa7
{[%clk 0:15:52]} Nd6 {[%clk 0:14:52]} 28. Qa5 {[%clk 0:14:46]} Qd7
{[%clk 0:14:22]} 29. Nd2 {[%clk 0:13:44]} Nb5 {[%clk 0:14:00]} 30. Nxb5
{[%clk 0:13:21]} Rxb5 {[%clk 0:13:56]} 31. Qa3 {[%clk 0:13:07]} g5
{[%clk 0:13:41]} 32. Nb3 {[%clk 0:12:37]} Bxb3 {[%clk 0:13:17]} 33. Qxb3
{[%clk 0:12:35]} Ng6 {[%clk 0:13:16]} 34. Bf3 {[%clk 0:11:57]} Qe7
{[%clk 0:12:58]} 1/2-1/2

[Event "Brøndbymesterskabet 2016"]
[Site "?"]
[Date "2016.10.02"]
[Round "6.2"]
[White "Stig Rasmussen, 2528, GM Allan"]
[Black "Djernæs Antonsen, 2447, IM Mikkel"]
[Result "1-0"]
[BlackElo "2447"]
[WhiteElo "2528"]
[LiveChessVersion "1.4.8"]

1. e4 {[%clk 0:29:59]} e6 {[%clk 0:29:58]} 2. d4 {[%clk 0:29:24]} d5
{[%clk 0:29:57]} 3. Nc3 {[%clk 0:29:04]} Bb4 {[%clk 0:29:54]} 4. e5
{[%clk 0:28:53]} b6 {[%clk 0:29:48]} 5. a3 {[%clk 0:28:11]} Bf8 {[%clk 0:29:45]}
6. Bb5+ {[%clk 0:25:08]} c6 {[%clk 0:29:12]} 7. Ba4 {[%clk 0:25:06]} a5
{[%clk 0:28:08]} 8. Nce2 {[%clk 0:24:31]} b5 {[%clk 0:28:05]} 9. Bb3
{[%clk 0:24:30]} c5 {[%clk 0:26:59]} 10. c3 {[%clk 0:22:46]} c4 {[%clk 0:26:37]}
11. Bc2 {[%clk 0:22:43]} Ne7 {[%clk 0:25:20]} 12. Nh3 {[%clk 0:22:23]} h6
{[%clk 0:24:38]} 13. Nhf4 {[%clk 0:21:25]} g6 {[%clk 0:24:01]} 14. g4
{[%clk 0:19:49]} Nd7 {[%clk 0:20:12]} 15. Bd2 {[%clk 0:19:11]} Rb8
{[%clk 0:19:17]} 16. h4 {[%clk 0:18:53]} Nb6 {[%clk 0:16:13]} 17. Ng3
{[%clk 0:16:23]} Rg8 {[%clk 0:15:26]} 18. Ng2 {[%clk 0:12:08]} Nc6
{[%clk 0:14:37]} 19. Qc1 {[%clk 0:11:52]} Rh8 {[%clk 0:14:34]} 20. f4
{[%clk 0:11:33]} Kd7 {[%clk 0:13:02]} 21. h5 {[%clk 0:11:17]} gxh5
{[%clk 0:12:35]} 22. Nxh5 {[%clk 0:11:01]} Kc7 {[%clk 0:12:33]} 23. Ke2
{[%clk 0:10:06]} Kb7 {[%clk 0:09:41]} 24. Qf1 {[%clk 0:09:51]} Be7
{[%clk 0:09:16]} 25. Qf3 {[%clk 0:08:54]} f6 {[%clk 0:08:43]} 26. exf6
{[%clk 0:08:43]} Bxf6 {[%clk 0:08:41]} 27. Nxf6 {[%clk 0:08:04]} Qxf6
{[%clk 0:08:40]} 28. Rh5 {[%clk 0:07:31]} Bd7 {[%clk 0:08:15]} 29. Rah1
{[%clk 0:06:43]} Rbg8 {[%clk 0:07:29]} 30. Be3 {[%clk 0:05:46]} Qg7
{[%clk 0:05:51]} 31. g5 {[%clk 0:04:47]} hxg5 {[%clk 0:05:38]} 32. fxg5
{[%clk 0:04:32]} e5 {[%clk 0:04:47]} 33. Rh7 {[%clk 0:04:15]} Rxh7
{[%clk 0:04:46]} 34. Rxh7 {[%clk 0:04:14]} e4 {[%clk 0:04:39]} 35. Qf7
{[%clk 0:03:15]} Qxf7 {[%clk 0:04:30]} 36. Rxf7 {[%clk 0:03:15]} Kc8
{[%clk 0:04:15]} 37. Kf2 {[%clk 0:03:10]} b4 {[%clk 0:04:04]} 38. axb4
{[%clk 0:03:09]} axb4 {[%clk 0:04:03]} 39. Bd1 {[%clk 0:03:05]} b3
{[%clk 0:03:49]} 40. Bc1 {[%clk 0:02:57]} Nd8 {[%clk 0:03:29]} 41. Rf6
{[%clk 0:02:51]} Ne6 {[%clk 0:02:52]} 42. g6 {[%clk 0:02:13]} Kd8
{[%clk 0:02:27]} 43. Nh4 {[%clk 0:02:08]} Ke7 {[%clk 0:01:55]} 44. Rf7+
{[%clk 0:02:07]} Ke8 {[%clk 0:01:55]} 45. Bh5 {[%clk 0:02:02]} Rf8
{[%clk 0:01:42]} 46. Nf5 {[%clk 0:01:45]} Rxf7 {[%clk 0:01:23]} 47. gxf7+
{[%clk 0:01:43]} Kd8 {[%clk 0:01:21]} 48. Bg5+ {[%clk 0:01:34]} Kc7
{[%clk 0:01:15]} 49. Be7 Na4 {[%clk 0:00:37]} 50. Ng7 {[%clk 0:01:32]} 1-0

[Event "Brøndbymesterskabet 2016"]
[Site "?"]
[Date "2016.10.02"]
[Round "6.3"]
[White "Høi, 2347, GM Carsten"]
[Black "Aabling-Thomsen, 2319, IM Jakob"]
[Result "0-1"]
[BlackElo "2319"]
[WhiteElo "2347"]
[LiveChessVersion "1.4.8"]

1. d4 {[%clk 0:29:57]} d6 {[%clk 0:29:59]} 2. e4 {[%clk 0:29:38]} Nf6
{[%clk 0:29:56]} 3. f3 {[%clk 0:29:33]} c5 {[%clk 0:29:30]} 4. d5
{[%clk 0:29:26]} g6 {[%clk 0:29:12]} 5. c4 {[%clk 0:29:20]} Bg7 {[%clk 0:29:10]}
6. Nc3 {[%clk 0:29:19]} O-O {[%clk 0:29:08]} 7. Bg5 {[%clk 0:28:56]} h6
{[%clk 0:28:56]} 8. Be3 {[%clk 0:28:46]} e6 {[%clk 0:28:53]} 9. Qd2
{[%clk 0:28:38]} exd5 {[%clk 0:28:51]} 10. cxd5 {[%clk 0:28:35]} Re8
{[%clk 0:28:47]} 11. Bb5 {[%clk 0:28:05]} Nbd7 {[%clk 0:27:53]} 12. a4
{[%clk 0:27:05]} a6 {[%clk 0:27:20]} 13. Bxd7 {[%clk 0:26:28]} Nxd7
{[%clk 0:27:18]} 14. Nge2 {[%clk 0:25:55]} Ne5 {[%clk 0:27:10]} 15. Qc2
{[%clk 0:23:41]} Bd7 {[%clk 0:26:20]} 16. a5 {[%clk 0:23:12]} Nc4
{[%clk 0:25:36]} 17. Bf4 {[%clk 0:23:09]} f5 {[%clk 0:25:07]} 18. O-O
{[%clk 0:22:28]} g5 {[%clk 0:25:04]} 19. b3 {[%clk 0:20:16]} Nxa5
{[%clk 0:24:27]} 20. Bxd6 {[%clk 0:16:39]} Qb6 {[%clk 0:24:17]} 21. Bg3
{[%clk 0:16:07]} Nxb3 {[%clk 0:22:57]} 22. Rab1 {[%clk 0:15:37]} c4+
{[%clk 0:22:51]} 23. Bf2 {[%clk 0:15:20]} Qg6 {[%clk 0:22:05]} 24. Ng3
{[%clk 0:13:18]} fxe4 {[%clk 0:19:08]} 25. Ncxe4 {[%clk 0:12:47]} b5
{[%clk 0:17:12]} 26. Rxb3 {[%clk 0:12:30]} cxb3 {[%clk 0:17:11]} 27. Qxb3
{[%clk 0:12:28]} Kh8 {[%clk 0:15:46]} 28. Qd3 {[%clk 0:10:08]} Rac8
{[%clk 0:13:06]} 29. h3 {[%clk 0:09:39]} Rc4 {[%clk 0:12:53]} 30. d6
{[%clk 0:08:23]} Re6 {[%clk 0:07:51]} 31. Qd5 {[%clk 0:07:31]} Rc6
{[%clk 0:07:23]} 32. Bd4 {[%clk 0:06:02]} Bxd4+ {[%clk 0:06:43]} 33. Qxd4+
{[%clk 0:06:00]} Qg7 {[%clk 0:06:42]} 34. Qd2 {[%clk 0:05:01]} Rc4
{[%clk 0:05:40]} 35. Qa5 {[%clk 0:04:33]} Rc6 {[%clk 0:03:15]} 36. Nf5
{[%clk 0:03:39]} Qf8 {[%clk 0:03:14]} 37. Nd4 {[%clk 0:02:28]} Rexd6
{[%clk 0:03:02]} 38. Nxc6 {[%clk 0:02:07]} Rxc6 {[%clk 0:02:57]} 39. Rd1
{[%clk 0:01:56]} Qe7 {[%clk 0:02:10]} 40. Qa1+ {[%clk 0:01:47]} Kh7
{[%clk 0:01:29]} 41. Qd4 {[%clk 0:01:43]} Bf5 {[%clk 0:01:19]} 42. Ng3
{[%clk 0:00:45]} Bg6 {[%clk 0:01:14]} 43. Kh2 {[%clk 0:00:38]} h5
{[%clk 0:01:08]} 44. Qd5 {[%clk 0:00:30]} Re6 {[%clk 0:00:53]} 45. Qd4
{[%clk 0:00:20]} Qc7 {[%clk 0:00:42]} 46. Qd7+ {[%clk 0:00:14]} Qxd7 47. Rxd7+
{[%clk 0:00:13]} Kh6 {[%clk 0:00:41]} 48. Ra7 {[%clk 0:00:12]} h4
{[%clk 0:00:39]} 49. Nf1 {[%clk 0:00:11]} Bd3 {[%clk 0:00:23]} 50. Nd2
{[%clk 0:00:09]} b4 {[%clk 0:00:21]} 51. Nb3 {[%clk 0:00:09]} Bc4
{[%clk 0:00:17]} 52. Nd4 {[%clk 0:00:08]} Rf6 {[%clk 0:00:14]} 53. Rc7
{[%clk 0:00:06]} Bf7 {[%clk 0:00:12]} 54. Rb7 {[%clk 0:00:05]} b3
{[%clk 0:00:11]} 55. Nxb3 {[%clk 0:00:04]} Bxb3 {[%clk 0:00:10]} 56. Rxb3
{[%clk 0:00:01]} a5 {[%clk 0:00:08]} 57. Rb6 {[%clk 0:00:00]} Rxb6
{[%clk 0:00:07]} 0-1

[Event "Brøndbymesterskabet 2016"]
[Site "?"]
[Date "2016.10.02"]
[Round "6.4"]
[White "Fries Nielsen, 2372, FM Niels Jørgen"]
[Black "Haubro, 2284, IM Martin"]
[Result "0-1"]
[BlackElo "2284"]
[WhiteElo "2372"]
[LiveChessVersion "1.4.8"]

1. a3 {[%clk 0:29:59]} e5 {[%clk 0:29:45]} 2. d4 {[%clk 0:29:58]} exd4
{[%clk 0:29:39]} 3. Qxd4 {[%clk 0:29:56]} Nc6 {[%clk 0:29:38]} 4. Qd3
{[%clk 0:29:55]} g6 {[%clk 0:29:20]} 5. Nf3 {[%clk 0:29:51]} Bg7 {[%clk 0:29:18]}
6. Nc3 {[%clk 0:29:43]} Nge7 {[%clk 0:29:03]} 7. e4 {[%clk 0:29:41]} O-O
{[%clk 0:28:51]} 8. Bg5 {[%clk 0:29:39]} d6 {[%clk 0:28:20]} 9. Be2
{[%clk 0:28:47]} h6 {[%clk 0:28:09]} 10. Be3 {[%clk 0:27:10]} f5 11. Qd2 fxe4
{[%clk 0:27:27]} 12. Nxe4 {[%clk 0:27:03]} Nf5 {[%clk 0:26:28]} 13. O-O-O
{[%clk 0:24:58]} Qe7 {[%clk 0:23:22]} 14. Bd3 {[%clk 0:23:44]} Nxe3 15. Qxe3 Ne5
{[%clk 0:23:02]} 16. Nxe5 {[%clk 0:23:17]} Qxe5 17. Nc3 Qxe3+ {[%clk 0:22:50]}
18. fxe3 {[%clk 0:22:46]} Bxc3 {[%clk 0:22:48]} 19. bxc3 {[%clk 0:22:45]} Kg7 20.
h3 {[%clk 0:20:37]} Bd7 {[%clk 0:22:22]} 21. Be4 {[%clk 0:20:17]} Rab8
{[%clk 0:22:21]} 22. Bf3 {[%clk 0:20:06]} b6 {[%clk 0:22:19]} 23. Rd4
{[%clk 0:19:33]} Rbe8 24. Kd2 Re5 {[%clk 0:19:36]} 25. h4 {[%clk 0:17:36]} Rfe8
{[%clk 0:19:03]} 26. Re1 {[%clk 0:17:29]} Ra5 {[%clk 0:18:36]} 27. Ra1
{[%clk 0:17:15]} Ree5 {[%clk 0:18:35]} 28. Re4 {[%clk 0:16:47]} Rxe4
{[%clk 0:18:22]} 29. Bxe4 {[%clk 0:16:46]} Ra4 {[%clk 0:18:21]} 30. Bf3
{[%clk 0:16:24]} Rxh4 {[%clk 0:18:19]} 31. e4 Rf4 {[%clk 0:13:14]} 32. Ke3
{[%clk 0:16:07]} Rf7 {[%clk 0:13:06]} 33. Rd1 {[%clk 0:15:42]} Re7 34. Kd4
{[%clk 0:14:15]} Re5 {[%clk 0:12:59]} 35. c4 {[%clk 0:14:02]} g5 {[%clk 0:12:23]}
36. g4 {[%clk 0:13:29]} Re8 {[%clk 0:10:53]} 37. Ke3 {[%clk 0:12:01]} Rf8
{[%clk 0:10:12]} 38. Rd5 {[%clk 0:11:55]} Be6 {[%clk 0:10:10]} 39. Rd4
{[%clk 0:11:14]} Rf4 40. c5 bxc5 {[%clk 0:08:44]} 41. Ra4 {[%clk 0:11:04]} Bxg4
{[%clk 0:08:42]} 42. Bg2 {[%clk 0:10:44]} Rf7 {[%clk 0:08:13]} 43. Rxa7
{[%clk 0:10:41]} h5 {[%clk 0:08:01]} 44. e5 {[%clk 0:10:09]} Re7 {[%clk 0:06:35]}
45. Kd3 {[%clk 0:08:43]} Rxe5 {[%clk 0:06:23]} 46. Rxc7+ {[%clk 0:08:32]} Kf6
{[%clk 0:06:22]} 47. a4 {[%clk 0:08:21]} Bf5+ {[%clk 0:06:20]} 48. Kd2
{[%clk 0:07:57]} Be4 {[%clk 0:06:12]} 49. Bf1 {[%clk 0:07:46]} g4
{[%clk 0:05:53]} 50. Rd7 {[%clk 0:07:24]} Ke6 {[%clk 0:05:51]} 51. Rg7
{[%clk 0:07:11]} Rf5 {[%clk 0:05:27]} 52. Be2 {[%clk 0:06:58]} Kf6
{[%clk 0:04:01]} 53. Rd7 {[%clk 0:04:49]} g3 {[%clk 0:04:00]} 54. Rxd6+
{[%clk 0:04:39]} Ke7 {[%clk 0:03:59]} 55. Rb6 {[%clk 0:04:02]} g2
{[%clk 0:03:53]} 56. Rb1 {[%clk 0:04:01]} h4 {[%clk 0:03:49]} 57. Ke3
{[%clk 0:03:59]} Bxc2 {[%clk 0:03:19]} 58. Rc1 {[%clk 0:03:37]} h3
{[%clk 0:03:13]} 0-1

[Event "Brøndbymesterskabet 2016"]
[Site "?"]
[Date "2016.10.02"]
[Round "6.5"]
[White "K. Høyer, 2104, Jacob"]
[Black "Østergaard, 2212, FM Jens"]
[Result "1-0"]
[BlackElo "2212"]
[WhiteElo "2104"]
[LiveChessVersion "1.4.8"]

1. d4 {[%clk 0:29:58]} Nf6 {[%clk 0:29:55]} 2. c4 {[%clk 0:29:56]} e6
{[%clk 0:29:34]} 3. Nc3 {[%clk 0:29:53]} d5 {[%clk 0:29:29]} 4. cxd5
{[%clk 0:29:49]} exd5 {[%clk 0:29:27]} 5. Bg5 {[%clk 0:29:47]} Be7
{[%clk 0:29:19]} 6. e3 {[%clk 0:29:44]} c6 {[%clk 0:29:14]} 7. Bd3
{[%clk 0:29:38]} O-O {[%clk 0:29:08]} 8. Nge2 {[%clk 0:29:28]} Nbd7
{[%clk 0:28:59]} 9. O-O {[%clk 0:29:21]} Re8 {[%clk 0:28:51]} 10. Qc2
{[%clk 0:29:01]} Nf8 {[%clk 0:28:46]} 11. f3 {[%clk 0:28:11]} Be6
{[%clk 0:27:52]} 12. Rad1 {[%clk 0:27:35]} N6d7 {[%clk 0:26:27]} 13. Bxe7
{[%clk 0:26:44]} Qxe7 {[%clk 0:26:25]} 14. e4 {[%clk 0:26:28]} f6
{[%clk 0:23:50]} 15. exd5 {[%clk 0:24:25]} cxd5 {[%clk 0:23:34]} 16. Nf4
{[%clk 0:24:17]} Bf7 {[%clk 0:20:36]} 17. Ncxd5 {[%clk 0:22:02]} Qd6
{[%clk 0:20:22]} 18. Qc7 {[%clk 0:21:53]} Qxc7 {[%clk 0:17:48]} 19. Nxc7
{[%clk 0:21:47]} Bxa2 {[%clk 0:16:59]} 20. Nxe8 {[%clk 0:20:31]} Rxe8 21. Ra1 Bb3
{[%clk 0:12:58]} 22. Rxa7 {[%clk 0:20:13]} g5 {[%clk 0:12:26]} 23. Rxb7
{[%clk 0:19:30]} Ba4 {[%clk 0:11:03]} 24. Ne2 {[%clk 0:17:45]} Ne6
{[%clk 0:09:16]} 25. Rc1 {[%clk 0:16:57]} 1-0

[Event "Brøndbymesterskabet 2016"]
[Site "?"]
[Date "2016.10.02"]
[Round "6.6"]
[White "Bromann, 2445, IM Thorbjørn"]
[Black "Hove Kristensen, 2303, FM Kåre"]
[Result "1/2-1/2"]
[BlackElo "2303"]
[WhiteElo "2445"]
[LiveChessVersion "1.4.8"]

1. d4 {[%clk 0:29:57]} d5 {[%clk 0:29:59]} 2. Bg5 {[%clk 0:29:51]} f6
{[%clk 0:29:55]} 3. Bh4 {[%clk 0:29:37]} c5 {[%clk 0:29:51]} 4. dxc5
{[%clk 0:28:53]} e5 {[%clk 0:29:01]} 5. e4 {[%clk 0:28:50]} dxe4 {[%clk 0:28:18]}
6. Qxd8+ {[%clk 0:28:41]} Kxd8 {[%clk 0:28:17]} 7. Nc3 {[%clk 0:28:34]} Bf5
{[%clk 0:26:51]} 8. O-O-O+ {[%clk 0:25:59]} Kc8 {[%clk 0:26:50]} 9. Re1
{[%clk 0:25:04]} Nc6 {[%clk 0:23:18]} 10. Bc4 {[%clk 0:22:52]} e3
{[%clk 0:22:35]} 11. Rxe3 {[%clk 0:22:00]} Bxc5 {[%clk 0:22:33]} 12. Rf3
{[%clk 0:21:34]} Bd7 {[%clk 0:22:10]} 13. Rd3 {[%clk 0:19:34]} Nh6
{[%clk 0:21:45]} 14. Ne4 {[%clk 0:18:56]} Be7 {[%clk 0:21:28]} 15. f3
{[%clk 0:18:17]} Nf5 {[%clk 0:20:44]} 16. Bf2 {[%clk 0:17:52]} Nfd4
{[%clk 0:18:33]} 17. c3 {[%clk 0:16:44]} Be6 {[%clk 0:18:25]} 18. Bxe6+
{[%clk 0:15:47]} Nxe6 {[%clk 0:18:24]} 19. Ne2 {[%clk 0:15:45]} Kc7
{[%clk 0:18:13]} 20. Rhd1 {[%clk 0:14:41]} Rad8 {[%clk 0:18:02]} 21. Kc2
{[%clk 0:14:34]} Rxd3 {[%clk 0:17:25]} 22. Rxd3 {[%clk 0:14:31]} f5
{[%clk 0:17:09]} 23. Nd2 {[%clk 0:13:35]} Bc5 {[%clk 0:15:24]} 24. Bxc5
{[%clk 0:13:25]} Nxc5 {[%clk 0:15:22]} 25. Rd5 {[%clk 0:13:22]} Nd7
{[%clk 0:14:10]} 26. Nc4 {[%clk 0:12:55]} Nf6 {[%clk 0:13:58]} 27. Rd1
{[%clk 0:12:37]} g6 {[%clk 0:13:38]} 28. a4 {[%clk 0:12:16]} Rd8 {[%clk 0:12:12]}
29. Rxd8 {[%clk 0:11:14]} Kxd8 {[%clk 0:12:11]} 30. b4 {[%clk 0:11:13]} e4
{[%clk 0:11:43]} 31. fxe4 {[%clk 0:10:47]} Nxe4 {[%clk 0:11:35]} 32. Nf4
{[%clk 0:10:13]} Kd7 {[%clk 0:10:24]} 33. Kd3 {[%clk 0:07:34]} a6
{[%clk 0:10:05]} 34. Nd5 {[%clk 0:07:21]} b5 {[%clk 0:09:21]} 35. axb5
{[%clk 0:06:35]} axb5 {[%clk 0:09:20]} 36. Na3 {[%clk 0:06:27]} Ne5+
{[%clk 0:08:19]} 37. Kd4 {[%clk 0:06:12]} Nc6+ {[%clk 0:08:18]} 38. Kd3
{[%clk 0:06:11]} Ne5+ {[%clk 0:08:12]} 39. Kc2 {[%clk 0:04:49]} Kc6
{[%clk 0:07:28]} 40. Nf4 {[%clk 0:04:48]} Nd6 {[%clk 0:06:46]} 41. Ne6
{[%clk 0:04:31]} Nec4 {[%clk 0:06:20]} 42. Nd4+ {[%clk 0:03:42]} Kb6
{[%clk 0:06:03]} 43. Ndxb5 {[%clk 0:03:33]} Ne3+ {[%clk 0:05:45]} 44. Kd3
{[%clk 0:03:28]} Nxb5 {[%clk 0:05:30]} 45. Nxb5 {[%clk 0:03:24]} Nxg2
{[%clk 0:05:13]} 46. Nd4 {[%clk 0:03:13]} Nf4+ {[%clk 0:04:12]} 47. Kd2
{[%clk 0:02:53]} Nd5 {[%clk 0:03:46]} 48. Nc2 {[%clk 0:02:45]} f4
{[%clk 0:02:43]} 49. c4 {[%clk 0:02:41]} Nf6 {[%clk 0:02:30]} 50. Nd4
{[%clk 0:02:19]} g5 {[%clk 0:02:07]} 51. c5+ {[%clk 0:02:15]} Kb7
{[%clk 0:01:53]} 52. Kd3 {[%clk 0:02:13]} g4 {[%clk 0:01:44]} 53. b5
{[%clk 0:02:05]} f3 {[%clk 0:01:37]} 54. Nf5 {[%clk 0:01:48]} h5 {[%clk 0:01:20]}
55. Ke3 {[%clk 0:01:38]} Kc7 {[%clk 0:01:17]} 56. Nd6 {[%clk 0:01:20]} Nd5+
{[%clk 0:01:14]} 57. Kf2 {[%clk 0:01:17]} h4 {[%clk 0:01:10]} 58. Nf5
{[%clk 0:01:03]} Nc3 {[%clk 0:00:58]} 59. Nd4 {[%clk 0:00:53]} Ne4+
{[%clk 0:00:56]} 60. Kg1 {[%clk 0:00:34]} Nxc5 {[%clk 0:00:54]} 61. Nf5
{[%clk 0:00:30]} Kb6 {[%clk 0:00:44]} 62. Nxh4 {[%clk 0:00:21]} Kxb5
{[%clk 0:00:43]} 63. Nf5 {[%clk 0:00:19]} Nd3 {[%clk 0:00:29]} 64. Ne3
{[%clk 0:00:15]} Ne5 {[%clk 0:00:26]} 65. Kf2 {[%clk 0:00:12]} Kc5
{[%clk 0:00:24]} 66. Nxg4 {[%clk 0:00:08]} Nxg4+ 67. Kxf3 Nxh2+ 1/2-1/2

[Event "Brøndbymesterskabet 2016"]
[Site "?"]
[Date "2016.10.02"]
[Round "6.7"]
[White "Jørgensen, 2203, Dennis"]
[Black "Reinhard Greger, 2308, Roland"]
[Result "0-1"]
[BlackElo "2308"]
[WhiteElo "2203"]
[LiveChessVersion "1.4.8"]

1. d4 {[%clk 0:29:57]} Nf6 {[%clk 0:29:59]} 2. c4 {[%clk 0:29:48]} e6
{[%clk 0:29:58]} 3. Nf3 {[%clk 0:29:43]} b6 {[%clk 0:29:57]} 4. g3
{[%clk 0:29:32]} Bb7 {[%clk 0:29:56]} 5. Bg2 {[%clk 0:29:25]} Be7
{[%clk 0:29:54]} 6. O-O {[%clk 0:29:21]} O-O {[%clk 0:29:52]} 7. d5
{[%clk 0:29:19]} exd5 {[%clk 0:29:50]} 8. Nh4 {[%clk 0:29:17]} c6
{[%clk 0:29:42]} 9. cxd5 {[%clk 0:29:16]} Nxd5 {[%clk 0:29:40]} 10. Nf5
{[%clk 0:29:15]} Nc7 {[%clk 0:29:39]} 11. e4 {[%clk 0:29:11]} d5 {[%clk 0:29:38]}
12. Nc3 {[%clk 0:28:55]} Bf6 {[%clk 0:28:48]} 13. Bf4 {[%clk 0:27:58]} d4
{[%clk 0:27:26]} 14. Ne2 {[%clk 0:27:44]} c5 {[%clk 0:26:36]} 15. Nd6
{[%clk 0:26:08]} Bc6 {[%clk 0:26:17]} 16. e5 {[%clk 0:24:41]} Bxg2
{[%clk 0:26:14]} 17. Kxg2 {[%clk 0:24:33]} Bg5 {[%clk 0:25:48]} 18. Qb3
{[%clk 0:23:21]} Ne6 {[%clk 0:25:24]} 19. Qd5 {[%clk 0:21:42]} Na6
{[%clk 0:25:22]} 20. Bxg5 {[%clk 0:21:17]} Nxg5 {[%clk 0:24:12]} 21. f4
{[%clk 0:20:54]} Nb4 {[%clk 0:22:36]} 22. Qb3 {[%clk 0:19:56]} Ne6
{[%clk 0:20:08]} 23. f5 {[%clk 0:19:11]} Nc7 {[%clk 0:20:06]} 24. Nf4
{[%clk 0:18:02]} Nc6 {[%clk 0:18:34]} 25. Nxf7 {[%clk 0:15:08]} Rxf7
{[%clk 0:18:30]} 26. e6 {[%clk 0:15:05]} Re7 {[%clk 0:18:09]} 27. Rae1
{[%clk 0:11:52]} Qd6 {[%clk 0:17:47]} 28. Kh3 {[%clk 0:10:25]} Rf8
{[%clk 0:17:42]} 29. Nh5 {[%clk 0:09:42]} Qd5 {[%clk 0:14:33]} 30. Qc2
{[%clk 0:08:32]} Nxe6 {[%clk 0:14:09]} 31. g4 {[%clk 0:07:50]} Ng5+
{[%clk 0:13:43]} 32. Kg3 {[%clk 0:07:09]} Rxe1 {[%clk 0:13:31]} 33. Rxe1
{[%clk 0:06:50]} Qf3+ {[%clk 0:12:53]} 34. Kh4 {[%clk 0:06:47]} h6
{[%clk 0:11:56]} 35. Qc4+ {[%clk 0:06:03]} Kh7 {[%clk 0:11:51]} 36. Ng3
{[%clk 0:05:35]} Qg2 {[%clk 0:11:12]} 0-1

[Event "Brøndbymesterskabet 2016"]
[Site "?"]
[Date "2016.10.02"]
[Round "6.8"]
[White "Altenburg Eriksson, 2125, Christian"]
[Black "K. Christensen, 2205, Thomas"]
[Result "1-0"]
[BlackElo "2205"]
[WhiteElo "2125"]
[LiveChessVersion "1.4.8"]

1. e4 {[%clk 0:29:58]} g6 {[%clk 0:29:56]} 2. d4 {[%clk 0:29:55]} Nf6
{[%clk 0:29:54]} 3. Nc3 {[%clk 0:29:50]} d5 {[%clk 0:29:51]} 4. e5
{[%clk 0:29:26]} Nh5 {[%clk 0:29:48]} 5. Nf3 {[%clk 0:28:51]} Bg4
{[%clk 0:29:35]} 6. Bd3 {[%clk 0:28:22]} e6 {[%clk 0:29:13]} 7. h3
{[%clk 0:27:35]} Bxf3 {[%clk 0:29:11]} 8. Qxf3 {[%clk 0:27:33]} c5
{[%clk 0:28:27]} 9. dxc5 {[%clk 0:27:03]} Bxc5 {[%clk 0:28:03]} 10. Bh6
{[%clk 0:25:46]} Qh4 {[%clk 0:22:06]} 11. O-O {[%clk 0:23:13]} Ng3
{[%clk 0:21:00]} 12. Bg7 {[%clk 0:22:17]} Nxf1 {[%clk 0:16:13]} 13. Bxh8
{[%clk 0:22:04]} Nd2 {[%clk 0:14:57]} 14. Qe2 {[%clk 0:21:40]} Nc4
{[%clk 0:14:04]} 15. Bf6 {[%clk 0:20:29]} Qf4 {[%clk 0:13:01]} 16. Nb5
{[%clk 0:17:48]} Kd7 {[%clk 0:09:44]} 17. b4 {[%clk 0:13:04]} Bd4
{[%clk 0:04:35]} 18. Nxd4 {[%clk 0:12:10]} Qxd4 {[%clk 0:04:33]} 19. Rd1
{[%clk 0:11:58]} b5 {[%clk 0:04:02]} 20. Bxg6 {[%clk 0:10:57]} Qf4
{[%clk 0:03:12]} 21. Bxh7 {[%clk 0:08:17]} Nc6 {[%clk 0:03:04]} 22. Bd3
{[%clk 0:07:49]} Rg8 {[%clk 0:01:50]} 23. Bxc4 {[%clk 0:07:08]} bxc4
{[%clk 0:01:45]} 24. c3 {[%clk 0:06:26]} Kc7 {[%clk 0:01:44]} 25. Qe3
{[%clk 0:05:53]} Qf5 {[%clk 0:01:30]} 26. b5 {[%clk 0:05:17]} d4 {[%clk 0:01:02]}
27. cxd4 {[%clk 0:04:53]} Nb4 {[%clk 0:01:00]} 28. d5 {[%clk 0:04:02]} Kb7
{[%clk 0:00:58]} 29. dxe6 1-0